[Event "MEX-ch op 52nd "]
[Site "Mexico City"]
[Date "2006.04.11"]
[Round "1"]
[White "Vaca Kram, Luis"]
[Black "Leon Hoyos, Manuel"]
[Result "0-1"]
[WhiteElo "2067"]
[BlackElo "2428"]
[PlyCount "64"]
[EventDate "2006.04.11"]
[EventType "swiss"]
[EventRounds "9"]
[EventCountry "MEX"]
[SourceTitle "EXT 2007"]
[Source "ChessBase"]
[SourceDate "2006.11.23"]
[SourceVersion "1"]
[SourceVersionDate "2006.11.23"]
[SourceQuality "1"]

1. Nf3 g6 2. g3 Bg7 3. Bg2 e5 4. d3 d5 5. 0-0 Nc6 6. c4 Nf6 7. cxd5 Nxd5 8. Nc3 Nde7 9. a4 0-0 10. Nd2 Nd4 11. Nc4 c6 12. a5 Rb8 13. Bg5 h6 14. Be3 Bg4 15. h3 Be6 16. Ne4 Bd5 17. Bxd4 exd4 18. Qc2 f5 19. Ned2 Bxg2 20. Kxg2 g5 21. b4 Nd5 22. Rab1 Nc3 23. Rbe1 Qd5+ 24. Kh2 Rbd8 25. Nb1 Nxb1 26. Rxb1 f4 27. Rbe1 Rf7 28. gxf4 Rxf4 29. Nd2 Be5 30. Kg1 Qd7 31. Qc4+ Kh8 32. Ne4 Qxh3 0-1

[Event "Fide Mercenarios-C"]
[Site "Mexico City"]
[Date "1999.??.??"]
[Round "5"]
[White "Vaca Kram, Luis"]
[Black "Villanueva Garciacano, Manuel"]
[Result "1-0"]
[WhiteElo "2069"]
[BlackElo "2055"]
[PlyCount "45"]
[EventDate "1999.??.??"]
[EventType "tourn"]
[EventRounds "11"]
[EventCountry "MEX"]
[SourceTitle "EXT 2001"]
[Source "ChessBase"]
[SourceDate "2000.11.22"]
[SourceVersion "1"]
[SourceVersionDate "2000.11.22"]
[SourceQuality "1"]

1. Nf3 d5 2. g3 Nf6 3. Bg2 g6 4. c4 c6 5. 0-0 Bg7 6. d3 0-0 7. Nc3 Re8 8. e4 dxe4 9. dxe4 Be6 10. Qe2 Nbd7 11. Ng5 Nf8 12. Nxe6 Nxe6 13. Be3 Qc7 14. Rfd1 b6 15. Rac1 Rad8 16. b4 Rd7 17. f4 Red8 18. e5 Ne8 19. a4 Nf8 20. c5 e6 21. Ne4 f5 22. Nd6 Nxd6 23. cxd6 1-0

[Event "Fide Mercenarios-C"]
[Site "Mexico City"]
[Date "1999.??.??"]
[Round "5"]
[White "Villanueva Garciacano, Manuel"]
[Black "Vaca Kram, Luis"]
[Result "1/2-1/2"]
[WhiteElo "2055"]
[BlackElo "2069"]
[PlyCount "67"]
[EventDate "1999.??.??"]
[EventType "tourn"]
[EventRounds "11"]
[EventCountry "MEX"]
[SourceTitle "EXT 2001"]
[Source "ChessBase"]
[SourceDate "2000.11.22"]
[SourceVersion "1"]
[SourceVersionDate "2000.11.22"]
[SourceQuality "1"]

1. e4 c5 2. Nf3 Nc6 3. d4 cxd4 4. Nxd4 Nf6 5. Nc3 e5 6. Ndb5 d6 7. Bg5 a6 8. Bxf6 gxf6 9. Na3 b5 10. Nd5 Bg7 11. c3 f5 12. exf5 Bxf5 13. Nc2 0-0 14. Nce3 Be6 15. g3 f5 16. Bg2 Rc8 17. 0-0 f4 18. Nc2 Kh8 19. a4 bxa4 20. Rxa4 a5 21. gxf4 exf4 22. Rxf4 Qg5 23. Qf3 Rg8 24. Nce3 Be5 25. Kh1 Bxf4 26. Nxf4 Bd7 27. Nfd5 Rcf8 28. Qe4 Rg6 29. f4 Qh4 30. f5 Qxe4 31. Bxe4 Rg5 32. Nb6 Ne5 33. Nxd7 Nxd7 34. Nc4 1/2-1/2

[Event "Fide Mercenarios 3th"]
[Site "Mexico City"]
[Date "1995.??.??"]
[Round "7"]
[White "Aguirre, Jaime"]
[Black "Vaca Kram, Luis"]
[Result "0-1"]
[WhiteElo "2000"]
[BlackElo "2050"]
[PlyCount "34"]
[EventDate "1995.??.??"]
[EventType "tourn"]
[EventRounds "11"]
[EventCountry "MEX"]
[SourceTitle "EXT 2000"]
[Source "ChessBase"]
[SourceDate "1999.11.16"]
[SourceVersion "1"]
[SourceVersionDate "1999.11.16"]
[SourceQuality "1"]

1. e4 c5 2. Nc3 g6 3. f4 Bg7 4. Nf3 Nc6 5. Bc4 e6 6. d3 Nge7 7. Be3 d5 8. exd5 exd5 9. Bb3 d4 10. Ng5 0-0 11. Bd2 dxc3 12. bxc3 Nd5 13. 0-0 Nxc3 14. Qf3 Nd4 15. Qf2 Nxb3 16. axb3 Re8 17. Be3 Rxe3 0-1

[Event "Fide Mercenarios 9th"]
[Site "Mexico City"]
[Date "1995.??.??"]
[Round "5"]
[White "Martin Del Campo C, Astrid"]
[Black "Vaca Kram, Luis"]
[Result "1-0"]
[WhiteElo "2050"]
[BlackElo "2015"]
[PlyCount "45"]
[EventDate "1995.??.??"]
[EventType "tourn"]
[EventRounds "11"]
[EventCountry "MEX"]
[SourceTitle "EXT 2000"]
[Source "ChessBase"]
[SourceDate "1999.11.16"]
[SourceVersion "1"]
[SourceVersionDate "1999.11.16"]
[SourceQuality "1"]

1. e4 c5 2. f4 d5 3. exd5 Qxd5 4. Nc3 Qd8 5. Nf3 Nc6 6. Bb5 Bd7 7. 0-0 Nf6 8. Qe1 g6 9. d3 Bg7 10. Be3 b6 11. f5 a6 12. Bxc6 Bxc6 13. Bg5 Qc7 14. Ne4 Bxe4 15. dxe4 0-0 16. Qh4 Nd7 17. Bxe7 Rfe8 18. f6 Rxe7 19. fxe7 Bxb2 20. Ng5 h5 21. Rad1 Ne5 22. Ne6 Qc6 23. Rd8+ 1-0

[Event "Fide Mercenarios 5th"]
[Site "Mexico City"]
[Date "1995.??.??"]
[Round "10"]
[White "Padilla Liceaga, Jorge"]
[Black "Vaca Kram, Luis"]
[Result "1-0"]
[WhiteElo "2000"]
[BlackElo "2015"]
[PlyCount "63"]
[EventDate "1995.??.??"]
[EventType "tourn"]
[EventRounds "11"]
[EventCountry "MEX"]
[SourceTitle "EXT 2000"]
[Source "ChessBase"]
[SourceDate "1999.11.16"]
[SourceVersion "1"]
[SourceVersionDate "1999.11.16"]
[SourceQuality "1"]

1. e4 c5 2. Nf3 Nc6 3. Bb5 g6 4. 0-0 Bg7 5. c3 e5 6. Qe2 a6 7. Ba4 b5 8. Bc2 Nge7 9. a4 b4 10. d3 0-0 11. Be3 d6 12. Rd1 Rb8 13. d4 exd4 14. cxd4 b3 15. Bd3 cxd4 16. Bg5 h6 17. Bf4 Re8 18. Qd2 Kh7 19. Na3 Nb4 20. Bc4 Bg4 21. Bxf7 Rf8 22. Bxb3 d3 23. Nc4 Nc2 24. Bxc2 dxc2 25. Rdc1 Rxb2 26. Nxb2 Bxb2 27. Bxh6 Rxf3 28. gxf3 Bxa1 29. fxg4 Ng8 30. Bg5 Bf6 31. Bxf6 Nxf6 32. Qxc2 1-0

[Event "Fide Mercenarios 3th"]
[Site "Mexico City"]
[Date "1995.??.??"]
[Round "6"]
[White "Vaca Kram, Luis"]
[Black "Busto, Busto Hector"]
[Result "0-1"]
[WhiteElo "2050"]
[BlackElo "2105"]
[PlyCount "72"]
[EventDate "1995.??.??"]
[EventType "tourn"]
[EventRounds "11"]
[EventCountry "MEX"]
[SourceTitle "EXT 2000"]
[Source "ChessBase"]
[SourceDate "1999.11.16"]
[SourceVersion "1"]
[SourceVersionDate "1999.11.16"]
[SourceQuality "1"]

1. e4 e5 2. Nf3 Nf6 3. d3 Nc6 4. g3 g6 5. Bg2 Bg7 6. 0-0 0-0 7. Nbd2 d6 8. a4 Ne8 9. Ne1 f5 10. exf5 gxf5 11. f4 Qe7 12. Nc4 Be6 13. fxe5 dxe5 14. b3 Qd7 15. Bb2 Bd5 16. Nf3 e4 17. dxe4 fxe4 18. Nfe5 Nxe5 19. Rxf8+ Kxf8 20. Bxe5 Qe6 21. Bh3 Qc6 22. Qd4 Bxc4 23. bxc4 Kg8 24. Rf1 Bxe5 25. Qxe5 Ng7 26. Rf6 Qxc4 27. Bf1 Qxa4 28. Qxc7 Qd4+ 29. Rf2 Kh8 30. Kg2 e3 31. Rf7 Re8 32. Rf4 Qd2+ 33. Kh3 e2 34. Qf7 Rg8 35. Bg2 e1Q 36. Bd5 Qe8 0-1

[Event "Fide Mercenarios 9th"]
[Site "Mexico City"]
[Date "1995.??.??"]
[Round "4"]
[White "Vaca Kram, Luis"]
[Black "Castillo Castelan, Miguel Angel"]
[Result "0-1"]
[WhiteElo "2015"]
[BlackElo "2170"]
[PlyCount "76"]
[EventDate "1995.??.??"]
[EventType "tourn"]
[EventRounds "11"]
[EventCountry "MEX"]
[SourceTitle "EXT 2000"]
[Source "ChessBase"]
[SourceDate "1999.11.16"]
[SourceVersion "1"]
[SourceVersionDate "1999.11.16"]
[SourceQuality "1"]

1. Nf3 c5 2. g3 Nf6 3. Bg2 d5 4. 0-0 Nc6 5. d3 e5 6. Nbd2 Bd6 7. e4 d4 8. a4 0-0 9. Nc4 h6 10. Nfd2 Be6 11. f4 exf4 12. gxf4 Bg4 13. Nf3 Nh5 14. h3 Be6 15. Nfe5 Bxe5 16. Qxh5 g6 17. Qe2 Bg7 18. b3 Re8 19. Ba3 b6 20. Rae1 Rc8 21. Qf2 Bf6 22. Qd2 Bh4 23. Rf3 Bxe1 24. Qxe1 Kh7 25. Bc1 f5 26. Rf1 Nb4 27. Qf2 Bxc4 28. bxc4 Qd7 29. exf5 gxf5 30. Ba3 Qxa4 31. Bxb4 Qxb4 32. Bd5 Rc7 33. Kh2 Rce7 34. Qg2 Re2 35. Rf2 Rxf2 36. Qxf2 Qe1 37. Bg8+ Kxg8 38. Qg2+ Kh7 0-1

[Event "Fide Mercenarios 1st"]
[Site "Mexico City"]
[Date "1994.??.??"]
[Round "9"]
[White "Vaca Kram, Luis"]
[Black "De Winter, Willy"]
[Result "0-1"]
[WhiteElo "2000"]
[BlackElo "2175"]
[PlyCount "116"]
[EventDate "1994.??.??"]
[EventType "tourn"]
[EventRounds "11"]
[EventCountry "MEX"]
[SourceTitle "EXT 2000"]
[Source "ChessBase"]
[SourceDate "1999.11.16"]
[SourceVersion "1"]
[SourceVersionDate "1999.11.16"]
[SourceQuality "1"]

1. Nf3 Nf6 2. g3 g6 3. Bg2 Bg7 4. 0-0 0-0 5. d3 d6 6. Nbd2 Nc6 7. e4 e5 8. c3 Bd7 9. Nh4 Qc8 10. f4 Bg4 11. Qe1 Bh3 12. f5 Bxg2 13. Kxg2 Qd7 14. Ndf3 d5 15. Bg5 Rad8 16. h3 dxe4 17. dxe4 Qd3 18. Kh2 Rd6 19. Bxf6 Bxf6 20. Ng2 gxf5 21. exf5 e4 22. Nf4 Qb5 23. Qxe4 Qxb2+ 24. Kh1 Qxc3 25. Nd5 Rxd5 26. Qxd5 Rd8 27. Qe4 Rd3 28. Qg4+ Kf8 29. Rae1 Be7 30. Qf4 Qf6 31. g4 h6 32. Re2 Bd6 33. Qe4 Rc3 34. Kg2 Kg7 35. h4 Rxf3 36. Rxf3 Nd4 37. Rh3 Nxe2 38. Qxe2 Qd4 39. Rd3 Qf4 40. Qf3 Qh2+ 41. Kf1 Qxa2 42. f6+ Kg8 43. Re3 Qb1+ 44. Kg2 Qb5 45. Kh3 a5 46. Qh1 a4 47. Qe1 Kf8 48. Kg2 a3 49. Qd1 a2 50. Re2 Qxe2+ 51. Qxe2 a1Q 52. g5 hxg5 53. hxg5 Bc5 54. Kh3 Qd4 55. Qa2 Qe3+ 56. Kg4 Qe4+ 57. Kh5 Qf3+ 58. Kh4 Bf2+ 0-1